The place of tolerance in Islam / (Record no. 347)
[ view plain ]
| 000 -LEADER | |
|---|---|
| fixed length control field | 01057nac a22002531u 4500 |
| 010 ## - LIBRARY OF CONGRESS CONTROL NUMBER | |
| LC control number | 2002008425 |
| 020 ## - INTERNATIONAL STANDARD BOOK NUMBER | |
| International Standard Book Number | 0807002291 (pbk. : alk. paper) |
| 082 00 - DEWEY DECIMAL CLASSIFICATION NUMBER | |
| Classification number | 210 |
| Item number | A155 |
| 090 ## - LOCALLY ASSIGNED LC-TYPE CALL NUMBER (OCLC); LOCAL CALL NUMBER (OCLC) | |
| -- | 347 |
| -- | 347 |
| 100 ## - MAIN ENTRY--PERSONAL NAME | |
| Personal name | Abou El Fadl, Khaled, |
| 245 14 - TITLE STATEMENT | |
| Title | The place of tolerance in Islam / |
| Statement of responsibility, etc | Khaled Abou El Fadl ; edited by Joshua Cohen and Ian Lague for Boston review. |
| 260 ## - PUBLICATION, DISTRIBUTION, ETC. (IMPRINT) | |
| Place of publication, distribution, etc | Boston : |
| Name of publisher, distributor, etc | Beacon Press, |
| Date of publication, distribution, etc | c2002. |
| 300 ## - PHYSICAL DESCRIPTION | |
| Extent | ix, 117 p. ; |
| Dimensions | 21 cm. |
| 650 #0 - SUBJECT ADDED ENTRY--TOPICAL TERM | |
| Topical term or geographic name as entry element | Religious tolerance |
| General subdivision | Islam. |
| 650 #0 - SUBJECT ADDED ENTRY--TOPICAL TERM | |
| Topical term or geographic name as entry element | Liberty of conscience (Islam) |
| 650 #0 - SUBJECT ADDED ENTRY--TOPICAL TERM | |
| Topical term or geographic name as entry element | Islam |
| General subdivision | Relations. |
| 700 1# - ADDED ENTRY--PERSONAL NAME | |
| Personal name | Cohen, Joshua, |
| Dates associated with a name | 1951- |
| 700 1# - ADDED ENTRY--PERSONAL NAME | |
| Personal name | Lague, Ian. |
| 856 41 - ELECTRONIC LOCATION AND ACCESS | |
| Materials specified | Sample text |
| Uniform Resource Identifier | <a href="http://www.loc.gov/catdir/samples/hm051/2002008425.html">http://www.loc.gov/catdir/samples/hm051/2002008425.html</a> |
| 856 41 - ELECTRONIC LOCATION AND ACCESS | |
| Materials specified | Publisher description |
| Uniform Resource Identifier | <a href="http://www.loc.gov/catdir/description/hm031/2002008425.html">http://www.loc.gov/catdir/description/hm031/2002008425.html</a> |
| 856 41 - ELECTRONIC LOCATION AND ACCESS | |
| Materials specified | Table of contents |
| Uniform Resource Identifier | <a href="http://www.loc.gov/catdir/toc/hm031/2002008425.html">http://www.loc.gov/catdir/toc/hm031/2002008425.html</a> |
| 942 ## - ADDED ENTRY ELEMENTS (KOHA) | |
| Item type | Book - Borrowing |
| Call number prefix | 210A155 |
| Withdrawn status | Item status | Damaged status | Not for loan | Home library | Current library | Shelving location | Date acquired | Source of acquisition | Total Checkouts | Full call number | Barcode | Date last seen | Date last borrowed | Cost, replacement price | Koha item type |
|---|---|---|---|---|---|---|---|---|---|---|---|---|---|---|---|
| Central Library | Central Library | Lower Floor | 07/03/2006 | Purchase | 3 | 210 ABO | 000004314 | 15/07/2025 | 19/12/2012 | 105.00 | Book - Borrowing |